[Event "13. Dubai open 2011"]
[Site "Dubai UAE"]
[Date "2011.04.18"]
[Round "9.7"]
[White "Ganguly, Surya Shekhar"]
[Black "Guseinov, Gadir"]
[Result "1/2-1/2"]
[WhiteElo "2643"]
[BlackElo "2584"]
[PlyCount "63"]
[EventDate "2011.04.10"]
[EventType "swiss"]
[EventRounds "9"]
[EventCountry "UAE"]
[Source "lmi"]
[SourceDate "2011.04.09"]

1. e4 c5 2. Nf3 Nc6 3. d4 cxd4 4. Nxd4 g6 5. Nc3 Bg7 6. Be3 Nf6 7. Bc4 O-O 8.
Bb3 d6 9. f3 Bd7 10. Qd2 Nxd4 11. Bxd4 b5 12. a4 bxa4 13. Bxa4 Bxa4 14. Rxa4
Qb8 15. O-O Rc8 16. b3 Qb7 17. Rfa1 a6 18. R1a2 e6 19. Kh1 Rc6 20. Nd1 Rac8 21.
Rb4 Qc7 22. c4 d5 23. exd5 exd5 24. c5 Nd7 25. Bxg7 Kxg7 26. Rh4 Nf6 27. b4 Re6
28. Nc3 Rce8 29. Ra1 a5 30. Rg1 axb4 31. Nxd5 Nxd5 32. Qxd5 1/2-1/2

[Event "13. Dubai open 2011"]
[Site "Dubai UAE"]
[Date "2011.04.18"]
[Round "9.9"]
[White "Mchedlishvili, Mikheil"]
[Black "Simantsev, Mikhail"]
[Result "1-0"]
[WhiteElo "2629"]
[BlackElo "2556"]
[PlyCount "69"]
[EventDate "2011.04.10"]
[EventType "swiss"]
[EventRounds "9"]
[EventCountry "UAE"]
[Source "lmi"]
[SourceDate "2011.04.09"]

1. d4 Nf6 2. c4 e6 3. Nf3 c5 4. d5 exd5 5. cxd5 d6 6. h3 g6 7. e4 Bg7 8. Bd3
O-O 9. O-O a6 10. a4 Nbd7 11. Re1 Re8 12. Nbd2 Rb8 13. Nc4 Nb6 14. Na3 Bd7 15.
a5 Nc8 16. Nc4 Bb5 17. Qc2 b6 18. Bd2 Bxc4 19. Bxc4 b5 20. Bf1 Nd7 21. Rad1 Ne5
22. Nh2 Na7 23. f4 Nc4 24. Bxc4 bxc4 25. Qxc4 Rxb2 26. Nf3 Nb5 27. e5 h6 28.
Re3 Nc7 29. Bc3 Rb5 30. Red3 Qd7 31. exd6 Qxd6 32. Be5 Qd7 33. Bxg7 Kxg7 34. d6
Ne6 35. Ne5 1-0

[Event "13. Dubai open 2011"]
[Site "Dubai UAE"]
[Date "2011.04.18"]
[Round "9.10"]
[White "Al-Sayed, Mohammed"]
[Black "Kuzubov, Yuriy"]
[Result "1/2-1/2"]
[WhiteElo "2485"]
[BlackElo "2627"]
[PlyCount "125"]
[EventDate "2011.04.10"]
[EventType "swiss"]
[EventRounds "9"]
[EventCountry "UAE"]
[Source "lmi"]
[SourceDate "2011.04.09"]

1. d4 f5 2. Nf3 Nf6 3. c4 e6 4. g3 Bb4+ 5. Bd2 Qe7 6. Bg2 Bxd2+ 7. Nbxd2 O-O 8.
O-O d6 9. Re1 Nc6 10. e4 f4 11. e5 dxe5 12. dxe5 Nd7 13. Nb3 a5 14. a4 Nc5 15.
Nxc5 Qxc5 16. Qc2 Bd7 17. g4 Nb4 18. Qc3 Bc6 19. b3 Rad8 20. Rad1 Bxf3 21. Bxf3
c6 22. Be4 g6 23. Kg2 Na6 24. Bf3 Qb4 25. Qxb4 axb4 26. Be4 Nc5 27. Bc2 g5 28.
Kf3 h6 29. h4 Kg7 30. Rd6 gxh4 31. Rh1 Rxd6 32. exd6 e5 33. Rxh4 Rd8 34. Rh5
Re8 35. g5 hxg5 36. Rxg5+ Kf6 37. Rg6+ Kf7 38. Rh6 Rg8 39. Bf5 Rd8 40. Kg4 Rg8+
41. Kf3 Rf8 42. Kg4 Rg8+ 43. Kf3 Rg7 44. Bc2 Rg5 45. a5 Ke8 46. Rh7 Kd8 47. Rf7
Ne6 48. Rxb7 Nd4+ 49. Ke4 Nxc2 50. a6 Rg1 51. a7 Ra1 52. c5 Nd4 53. Rb8+ Kd7
54. a8=Q Rxa8 55. Rxa8 Nxb3 56. Ra7+ Kd8 57. Kxe5 Nxc5 58. d7 Ke7 59. Kxf4 b3
60. Ra1 Kxd7 61. Ke3 Kd6 62. Kd4 Ne6+ 63. Kc4 1/2-1/2

[Event "13. Dubai open 2011"]
[Site "Dubai UAE"]
[Date "2011.04.18"]
[Round "9.11"]
[White "Volkov, Sergey"]
[Black "Kotanjian, Tigran"]
[Result "0-1"]
[WhiteElo "2621"]
[BlackElo "2527"]
[PlyCount "78"]
[EventDate "2011.04.10"]
[EventType "swiss"]
[EventRounds "9"]
[EventCountry "UAE"]
[Source "lmi"]
[SourceDate "2011.04.09"]

1. d4 d5 2. c4 e6 3. Nc3 Be7 4. cxd5 exd5 5. Bf4 c6 6. e3 Bf5 7. Bd3 Bxd3 8.
Qxd3 Nf6 9. Nf3 O-O 10. O-O Nh5 11. Be5 Nd7 12. h3 Nxe5 13. dxe5 g6 14. Nd4 Ng7
15. Rad1 Qc7 16. e4 dxe4 17. Qxe4 Rad8 18. Rd3 Rfe8 19. Re1 Bc5 20. a3 f5 21.
Qe3 Rxd4 22. Rxd4 Ne6 23. Ne2 Qb6 24. Red1 Bxd4 25. Nxd4 Rd8 26. Nxe6 Rxd1+ 27.
Kh2 Qxe3 28. fxe3 Re1 29. Nd8 Rxe3 30. Nxb7 Rxe5 31. b4 Rd5 32. Kg3 g5 33. h4
h6 34. hxg5 hxg5 35. Kf3 Rd3+ 36. Kf2 Rxa3 37. Nd8 Rc3 38. Ne6 g4 39. Nd4 f4
0-1

[Event "13. Dubai open 2011"]
[Site "Dubai UAE"]
[Date "2011.04.18"]
[Round "9.13"]
[White "Halkias, Stelios"]
[Black "Iskusnyh, Sergei"]
[Result "1/2-1/2"]
[WhiteElo "2579"]
[BlackElo "2481"]
[PlyCount "63"]
[EventDate "2011.04.10"]
[EventType "swiss"]
[EventRounds "9"]
[EventCountry "UAE"]
[Source "lmi"]
[SourceDate "2011.04.09"]

1. d4 d5 2. c4 c6 3. Nf3 Nf6 4. e3 a6 5. Bd3 Bg4 6. Qb3 Bxf3 7. gxf3 Qc7 8.
cxd5 cxd5 9. Nc3 e6 10. e4 Nc6 11. Be3 Be7 12. O-O-O Nb4 13. Kb1 Nxd3 14. Rxd3
b5 15. Rg1 Qc4 16. Qd1 g6 17. Bg5 Rd8 18. b3 Qc7 19. Qe1 O-O 20. e5 Nh5 21. Qd2
f6 22. Bh6 Rf7 23. f4 fxe5 24. fxe5 Rc8 25. Rc1 Ba3 26. Rc2 Qd8 27. Nd1 Rxc2
28. Qxc2 Rc7 29. Rc3 Rxc3 30. Qxc3 Bf8 31. Bxf8 Qxf8 32. Qc6 1/2-1/2

[Event "13. Dubai open 2011"]
[Site "Dubai UAE"]
[Date "2011.04.18"]
[Round "9.14"]
[White "Arutinian, David"]
[Black "Petrosian, Davit G"]
[Result "1-0"]
[WhiteElo "2575"]
[BlackElo "2480"]
[PlyCount "67"]
[EventDate "2011.04.10"]
[EventType "swiss"]
[EventRounds "9"]
[EventCountry "UAE"]
[Source "lmi"]
[SourceDate "2011.04.09"]

1. d4 Nf6 2. c4 g6 3. Nc3 Bg7 4. e4 d6 5. Nf3 O-O 6. h3 e5 7. d5 a5 8. Bg5 Na6
9. Nd2 Qe8 10. Be2 Kh8 11. h4 h5 12. Nf1 Nc5 13. Ng3 Nh7 14. Be3 Qe7 15. Qd2 a4
16. O-O-O Bd7 17. Bh6 Qd8 18. Bxg7+ Kxg7 19. Rdf1 c6 20. f4 exf4 21. Rxf4 Qe7
22. Rd1 a3 23. dxc6 Bxc6 24. b4 Na4 25. Qd4+ Kg8 26. Rd2 Nxc3 27. Qxc3 Qe5 28.
Qxe5 dxe5 29. Rf1 f5 30. exf5 gxf5 31. Nxf5 Nf6 32. Rd6 Rad8 33. Ne7+ Kg7 34.
Rfxf6 1-0

[Event "13. Dubai open 2011"]
[Site "Dubai UAE"]
[Date "2011.04.18"]
[Round "9.15"]
[White "Schneider, Veronika"]
[Black "Minasian, Artashes"]
[Result "1-0"]
[WhiteElo "2247"]
[BlackElo "2558"]
[PlyCount "49"]
[EventDate "2011.04.10"]
[EventType "swiss"]
[EventRounds "9"]
[EventCountry "UAE"]
[Source "lmi"]
[SourceDate "2011.04.09"]

1. e4 Nc6 2. Nf3 d6 3. d4 Nf6 4. Nc3 Bg4 5. Be3 e6 6. Be2 Be7 7. Nd2 Bxe2 8.
Qxe2 d5 9. e5 Nd7 10. Qg4 g6 11. a3 h5 12. Qe2 Ndxe5 13. dxe5 d4 14. Rd1 dxe3
15. Nf3 Qc8 16. Qxe3 b6 17. O-O Qb7 18. Qf4 Rf8 19. Ne4 Nb8 20. Nfg5 Nd7 21.
Nh7 Rg8 22. Rxd7 Kxd7 23. Qxf7 Kc6 24. Qxe6+ Kb5 25. Qd7+ 1-0

[Event "13. Dubai open 2011"]
[Site "Dubai UAE"]
[Date "2011.04.18"]
[Round "9.16"]
[White "Mamedov, Nidjat"]
[Black "Harutjunyan, Gevorg"]
[Result "1/2-1/2"]
[WhiteElo "2580"]
[BlackElo "2468"]
[PlyCount "126"]
[EventDate "2011.04.10"]
[EventType "swiss"]
[EventRounds "9"]
[EventCountry "UAE"]
[Source "lmi"]
[SourceDate "2011.04.09"]

1. e4 c6 2. d4 d5 3. e5 Bf5 4. Nf3 e6 5. Be2 Ne7 6. O-O Nd7 7. c3 Bg6 8. Nh4 c5
9. Nd2 Nc6 10. Nxg6 hxg6 11. Nf3 Be7 12. Be3 Rc8 13. g3 a6 14. Kg2 b5 15. a4
Qb6 16. axb5 axb5 17. h4 b4 18. Ng5 b3 19. Rh1 cxd4 20. cxd4 Na5 21. h5 Bxg5
22. Bxg5 gxh5 23. Bxh5 Rf8 24. Ra4 Nc4 25. Qa1 Nb8 26. Ra7 Nc6 27. Ra6 Qb5 28.
Ra8 Kd7 29. Rxc8 Rxc8 30. Bxf7 Qb6 31. Rh7 Qxd4 32. Rxg7 Qxe5 33. Bh6 Qe4+ 34.
Kg1 Kd6 35. Bf4+ e5 36. Bh6 Kc5 37. Bg6 Qf3 38. Rf7 Qg4 39. Bf5 Qh5 40. Bf8+
Rxf8 41. Rxf8 e4 42. Qe1 Nd4 43. Bxe4 dxe4 44. Qxe4 Nd6 45. Qe3 Qd5 46. g4 Qe4
47. Qxe4 Nxe4 48. Kg2 Kc4 49. f4 Ne6 50. Rc8+ Kd3 51. f5 N6g5 52. Rc6 Ke3 53.
Rg6 Kf4 54. f6 Ke5 55. f7 Nxf7 56. Rb6 Nc5 57. Kg3 Ng5 58. Kh4 Nge4 59. g5 Nxg5
60. Kxg5 Kd4 61. Kf5 Kd3 62. Rh6 Na4 63. Rh2 Nxb2 1/2-1/2

[Event "13. Dubai open 2011"]
[Site "Dubai UAE"]
[Date "2011.04.18"]
[Round "9.17"]
[White "Ramnath, Bhuvanesh"]
[Black "Andriasian, Zaven"]
[Result "1/2-1/2"]
[WhiteElo "2425"]
[BlackElo "2645"]
[PlyCount "60"]
[EventDate "2011.04.10"]
[EventType "swiss"]
[EventRounds "9"]
[EventCountry "UAE"]
[Source "lmi"]
[SourceDate "2011.04.09"]

1. e4 c5 2. Nf3 d6 3. d4 cxd4 4. Nxd4 Nf6 5. Nc3 a6 6. Bc4 e6 7. Bb3 Nbd7 8.
Bg5 Qa5 9. Qd2 Be7 10. O-O-O h6 11. Bf4 Nc5 12. Rhe1 e5 13. Nf5 Bxf5 14. exf5
Nxb3+ 15. cxb3 O-O 16. Bg3 Rfd8 17. Kb1 Qb4 18. f3 b5 19. Qf2 Rac8 20. Bh4 Qc5
21. Qxc5 Rxc5 22. Bxf6 Bxf6 23. Rd5 Rc6 24. Ne4 Kf8 25. Red1 Ke7 26. a3 Bg5 27.
R5d3 g6 28. g4 Rd7 29. h3 gxf5 30. gxf5 Bf4 1/2-1/2

[Event "13. Dubai open 2011"]
[Site "Dubai UAE"]
[Date "2011.04.18"]
[Round "9.18"]
[White "Zarkua, Davit"]
[Black "Ter-Sahakyan, Samvel"]
[Result "1/2-1/2"]
[WhiteElo "2397"]
[BlackElo "2575"]
[PlyCount "96"]
[EventDate "2011.04.10"]
[EventType "swiss"]
[EventRounds "9"]
[EventCountry "UAE"]
[Source "lmi"]
[SourceDate "2011.04.09"]

1. d4 d5 2. c4 e6 3. Nc3 c6 4. cxd5 exd5 5. Bf4 Nf6 6. e3 Bf5 7. Bd3 Bxd3 8.
Qxd3 Be7 9. Nf3 O-O 10. O-O Nbd7 11. h3 Re8 12. Bh2 Bb4 13. Ne5 Bxc3 14. bxc3
Nxe5 15. Bxe5 Nd7 16. Bg3 Nb6 17. f3 Nc4 18. Rae1 Qg5 19. Bf4 Qh4 20. Bh2 f5
21. Rf2 Qf6 22. e4 fxe4 23. fxe4 Qg6 24. Rf4 h5 25. Qe2 Rxe4 26. Rxe4 Qxe4 27.
Qxe4 dxe4 28. Rxe4 Rf8 29. Re7 Rf7 30. Re8+ Kh7 31. Bg3 Kg6 32. Re6+ Kf5 33.
Re8 Kg5 34. Bf2 a6 35. Kf1 Rf5 36. Re7 Rb5 37. Rxg7+ Kf6 38. Rh7 Rb2 39. Rxh5
Rxa2 40. Bh4+ Kg6 41. g4 a5 42. Rg5+ Kf7 43. Rf5+ Kg6 44. Rg5+ Kf7 45. Rf5+ Kg6
46. Rg5+ Kf7 47. Rf5+ Kg6 48. Rg5+ Kf7 1/2-1/2

[Event "13. Dubai open 2011"]
[Site "Dubai UAE"]
[Date "2011.04.18"]
[Round "9.19"]
[White "Ashwin, Jayaram"]
[Black "Anastasian, Ashot"]
[Result "1-0"]
[WhiteElo "2439"]
[BlackElo "2556"]
[PlyCount "65"]
[EventDate "2011.04.10"]
[EventType "swiss"]
[EventRounds "9"]
[EventCountry "UAE"]
[Source "lmi"]
[SourceDate "2011.04.09"]

1. d4 Nf6 2. c4 e6 3. g3 d5 4. Nf3 Bb4+ 5. Bd2 Be7 6. Bg2 O-O 7. O-O Nbd7 8.
Qc2 c6 9. Bf4 b6 10. Rd1 Bb7 11. Nc3 dxc4 12. Nd2 Nd5 13. Nxc4 Nxf4 14. gxf4
Qc7 15. e3 Rad8 16. Rac1 c5 17. d5 exd5 18. Bxd5 Nf6 19. Bxb7 Qxb7 20. Rxd8
Rxd8 21. Rd1 g6 22. Ne5 Kg7 23. Rxd8 Bxd8 24. Qb3 Qe7 25. Nc6 Qd7 26. Ne5 Qe7
27. Qa4 Qe6 28. Qxa7 Nd5 29. Nxf7 Qg4+ 30. Kf1 Nxe3+ 31. fxe3 Qf3+ 32. Ke1
Qxe3+ 33. Kd1 1-0

[Event "13. Dubai open 2011"]
[Site "Dubai UAE"]
[Date "2011.04.18"]
[Round "9.20"]
[White "Hayrapetian, Ovik"]
[Black "Malakhatko, Vadim"]
[Result "0-1"]
[WhiteElo "2390"]
[BlackElo "2546"]
[PlyCount "124"]
[EventDate "2011.04.10"]
[EventType "swiss"]
[EventRounds "9"]
[EventCountry "UAE"]
[Source "lmi"]
[SourceDate "2011.04.09"]

1. d4 d5 2. Nf3 c6 3. c4 Nf6 4. Nc3 dxc4 5. a4 e6 6. e4 Bb4 7. e5 Nd5 8. Bd2 b5
9. Be2 Be7 10. Qb1 Bd7 11. Ne4 h6 12. h4 Na6 13. axb5 Nab4 14. bxc6 Bxc6 15.
Bxc4 Nb6 16. Be2 Qd5 17. Nc5 a5 18. h5 O-O 19. O-O Bxc5 20. dxc5 Nd7 21. Rd1
Qxc5 22. Qc1 Rfc8 23. Ra3 Qf8 24. Bxb4 axb4 25. Rxa8 Bxa8 26. Qe3 Nc5 27. Rd4
b3 28. Nd2 Bd5 29. Bc4 Bxc4 30. Nxc4 Rc7 31. Nd6 Qa8 32. Rc4 Qd5 33. Rd4 Qa8
34. Rc4 Qd5 35. Rd4 Qa8 36. Kh2 Nd7 37. Rg4 Qd5 38. Ne8 Qxe5+ 39. Qxe5 Nxe5 40.
Rxg7+ Kf8 41. Nxc7 Kxg7 42. Nb5 Nd3 43. Nd4 Nxf2 44. Nxb3 Nd3 45. Nd2 Nxb2 46.
g4 Nd3 47. Kg3 f5 48. Nf3 Kf6 49. gxf5 exf5 50. Kh4 Ke6 51. Kg3 Kd5 52. Nd2 Ke5
53. Kf3 Kf6 54. Ke3 Nc5 55. Nc4 Ne6 56. Nd6 Ng7 57. Kf3 Nxh5 58. Nc4 Ng7 59.
Nd6 Ke6 60. Nc4 Nh5 61. Ne3 Kf6 62. Nd5+ Kg5 0-1

[Event "13. Dubai open 2011"]
[Site "Dubai UAE"]
[Date "2011.04.18"]
[Round "9.21"]
[White "Guliev, Sarhan"]
[Black "Khukhashvili, Sopiko"]
[Result "1/2-1/2"]
[WhiteElo "2497"]
[BlackElo "2421"]
[PlyCount "45"]
[EventDate "2011.04.10"]
[EventType "swiss"]
[EventRounds "9"]
[EventCountry "UAE"]
[Source "lmi"]
[SourceDate "2011.04.09"]

1. d4 Nf6 2. c4 e6 3. Nc3 Bb4 4. e3 c5 5. Nge2 cxd4 6. exd4 d5 7. c5 Ne4 8. Bd2
Nc6 9. Nxe4 dxe4 10. Bxb4 Nxb4 11. Nc3 O-O 12. Nxe4 Qa5 13. Nd2 Rd8 14. a3 Nc6
15. b4 Qc7 16. Be2 a5 17. O-O Nxd4 18. Bd3 axb4 19. axb4 Rxa1 20. Qxa1 Nc6 21.
Qb1 h6 22. Nc4 Nxb4 23. Bh7+ 1/2-1/2

[Event "13. Dubai open 2011"]
[Site "Dubai UAE"]
[Date "2011.04.18"]
[Round "9.22"]
[White "Carlsson, Pontus"]
[Black "Tania, Sachdev"]
[Result "1-0"]
[WhiteElo "2496"]
[BlackElo "2407"]
[PlyCount "73"]
[EventDate "2011.04.10"]
[EventType "swiss"]
[EventRounds "9"]
[EventCountry "UAE"]
[Source "lmi"]
[SourceDate "2011.04.09"]

1. e4 e6 2. d4 d5 3. Nd2 dxe4 4. Nxe4 Nd7 5. Nf3 Ngf6 6. Nxf6+ Nxf6 7. c3 c5 8.
Ne5 a6 9. Be3 Qc7 10. Qa4+ Nd7 11. Bb5 cxd4 12. Bxd7+ Bxd7 13. Qxd4 Bb5 14. a4
Bd6 15. Nxf7 Kxf7 16. axb5 axb5 17. Ke2 Rhd8 18. Rxa8 Rxa8 19. Rd1 Ra6 20. Qe4
h6 21. h4 h5 22. Qf3+ Kg6 23. Qe4+ Kf7 24. Qf3+ Kg6 25. Bd4 Qc6 26. Qd3+ Kf7
27. Qh7 Qxg2 28. Qxh5+ Kg8 29. Qxb5 Qe4+ 30. Be3 Bf8 31. Rd4 Qc2+ 32. Bd2 Ra1
33. Qe8 Qd1+ 34. Ke3 Qb3 35. Rf4 Qb6+ 36. Ke2 Qb5+ 37. Qxb5 1-0

[Event "13. Dubai open 2011"]
[Site "Dubai UAE"]
[Date "2011.04.18"]
[Round "9.23"]
[White "Lalith, Babu M R"]
[Black "Hilwani, Talal"]
[Result "1-0"]
[WhiteElo "2491"]
[BlackElo "2272"]
[PlyCount "99"]
[EventDate "2011.04.10"]
[EventType "swiss"]
[EventRounds "9"]
[EventCountry "UAE"]
[Source "lmi"]
[SourceDate "2011.04.09"]

1. Nf3 d5 2. d4 Nf6 3. c4 c6 4. Nc3 e6 5. g3 Nbd7 6. Bg2 Be7 7. O-O b6 8. Bf4
O-O 9. cxd5 exd5 10. Qc2 Bb7 11. Rfe1 Re8 12. Rad1 Bf8 13. a3 a5 14. Ne5 Nxe5
15. Bxe5 Ng4 16. Bf4 Bd6 17. Bxd6 Qxd6 18. e4 dxe4 19. Nxe4 Qe6 20. Qd2 Qd7 21.
Qf4 Rad8 22. h3 Nh6 23. Nf6+ gxf6 24. Qxh6 Qf5 25. Qd2 Kg7 26. Qc3 Qd7 27. Rxe8
Rxe8 28. Qb3 Qd8 29. h4 Re6 30. Qf3 Rd6 31. Qg4+ Kh8 32. Qh5 Qg8 33. Re1 Re6
34. Rxe6 fxe6 35. Qh6 Qg7 36. Qf4 Qe7 37. h5 e5 38. Qe3 b5 39. dxe5 Qxe5 40.
Qb6 Qe7 41. h6 Kg8 42. Qxa5 Kf7 43. Qd2 c5 44. Bxb7 Qxb7 45. Qc2 Ke6 46. Qxc5
Qd7 47. Qh5 Qd3 48. Qg4+ Kd6 49. Qf4+ Kc5 50. Qxf6 1-0

[Event "13. Dubai open 2011"]
[Site "Dubai UAE"]
[Date "2011.04.18"]
[Round "9.24"]
[White "Grigoryan, Karen H"]
[Black "Shiven, Khosla"]
[Result "0-1"]
[WhiteElo "2463"]
[BlackElo "2391"]
[PlyCount "130"]
[EventDate "2011.04.10"]
[EventType "swiss"]
[EventRounds "9"]
[EventCountry "UAE"]
[Source "lmi"]
[SourceDate "2011.04.09"]

1. d4 Nf6 2. c4 g6 3. Nc3 Bg7 4. e4 d6 5. Nf3 O-O 6. Be2 e5 7. O-O Na6 8. Be3
h6 9. dxe5 Ng4 10. Bc1 Nxe5 11. Nxe5 dxe5 12. b3 Re8 13. Be3 c6 14. Qc1 Qh4 15.
g3 Qh3 16. Bf3 Nc7 17. Qd2 Ne6 18. Bg2 Qh5 19. f4 exf4 20. gxf4 Rd8 21. Qe1 Nd4
22. Rc1 Bh3 23. Qg3 Bxg2 24. Qxg2 Re8 25. Kh1 Rad8 26. Bg1 Kh8 27. Rf2 f5 28.
e5 Ne6 29. Qf3 Qxf3+ 30. Rxf3 a6 31. Bb6 Rd2 32. h4 Rf8 33. Ba5 Rd4 34. Rcf1 g5
35. hxg5 hxg5 36. Rh3+ Kg8 37. fxg5 Nxg5 38. Rh5 Rg4 39. Nd1 Ne4 40. Be1 f4 41.
Kh2 Rg5 42. Rxg5 Nxg5 43. Bc3 Kh7 44. Kg2 Kg6 45. Nf2 Rd8 46. Rh1 Re8 47. Nd3
f3+ 48. Kh2 Kf5 49. Re1 Ne4 50. Bb2 Bh6 51. Rf1 Nd2 52. Rd1 Ke4 53. Nf2+ Ke3
54. Nh3 Ke2 55. Rg1 f2 56. Rg2 Nf3+ 57. Kh1 Be3 58. e6 Nh4 59. Rh2 Kf3 60. Nxf2
Bxf2 61. Rh3+ Kg4 62. Rh2 Rxe6 63. Bc3 Bg3 64. Rc2 Nf3 65. Kg2 Re1 0-1

[Event "13. Dubai open 2011"]
[Site "Dubai UAE"]
[Date "2011.04.18"]
[Round "9.25"]
[White "Atabayev, Yusup"]
[Black "Kayumov, Dmitry D"]
[Result "0-1"]
[WhiteElo "2319"]
[BlackElo "2463"]
[PlyCount "74"]
[EventDate "2011.04.10"]
[EventType "swiss"]
[EventRounds "9"]
[EventCountry "UAE"]
[Source "lmi"]
[SourceDate "2011.04.09"]

1. e4 e5 2. d4 exd4 3. Qxd4 Nc6 4. Qe3 Nf6 5. Nc3 Be7 6. Bd2 d5 7. exd5 Nxd5 8.
Nxd5 Qxd5 9. Ne2 O-O 10. Nc3 Qh5 11. Be2 Qg6 12. Bd3 Qxg2 13. O-O-O Qh3 14. f3
Bf5 15. Ne4 Bg6 16. Bc3 Rfe8 17. Kb1 Bb4 18. Qf4 Bxe4 19. Bxe4 Bxc3 20. bxc3
Ne5 21. Rhg1 c6 22. Rd6 g6 23. Ka1 Re7 24. Qf6 Qxh2 25. Rdd1 Re6 26. Qg5 Nc4
27. Rd4 b5 28. a4 a6 29. Bd3 Ne3 30. Rh4 Qe5 31. Qxe5 Rxe5 32. a5 Ra7 33. Rd4
c5 34. Rd8+ Kg7 35. Kb2 f5 36. Rd6 c4 37. Bf1 Rd5 0-1

[Event "13. Dubai open 2011"]
[Site "Dubai UAE"]
[Date "2011.04.18"]
[Round "9.26"]
[White "Guliev, Logman"]
[Black "Nitin, S."]
[Result "1-0"]
[WhiteElo "2468"]
[BlackElo "2365"]
[PlyCount "116"]
[EventDate "2011.04.10"]
[EventType "swiss"]
[EventRounds "9"]
[EventCountry "UAE"]
[Source "lmi"]
[SourceDate "2011.04.09"]

1. e4 c5 2. Nf3 d6 3. d4 cxd4 4. Nxd4 Nf6 5. Nc3 a6 6. Be2 e5 7. Nb3 Be7 8. Bg5
Be6 9. Bxf6 Bxf6 10. Qd3 O-O 11. O-O-O Qb6 12. Rhf1 Rd8 13. Kb1 Nc6 14. Nd5
Bxd5 15. Qxd5 a5 16. c3 a4 17. Nd2 Ne7 18. Qb5 Qc6 19. a3 Rab8 20. Rfe1 Bg5 21.
Bc4 Rbc8 22. Bd3 Rb8 23. Nf1 Rd7 24. Ne3 Bxe3 25. Rxe3 d5 26. Be2 f6 27. Qb4 b5
28. Bg4 Rd6 29. Red3 Rbd8 30. Bf3 Qb6 31. exd5 f5 32. R3d2 h6 33. c4 bxc4 34.
Qxc4 e4 35. Be2 Qxf2 36. g4 e3 37. Rc2 Rc8 38. Qxa4 Rxc2 39. Qxc2 f4 40. Rf1
Qxh2 41. Bf3 Qxc2+ 42. Kxc2 g5 43. Rd1 Ng6 44. Kd3 Kg7 45. Ke4 Kf6 46. b4 Ne5
47. Be2 Rd8 48. Rh1 Nf7 49. a4 Rb8 50. b5 Ra8 51. Ra1 Nd6+ 52. Kd4 h5 53. gxh5
g4 54. Bxg4 Nxb5+ 55. Kd3 Ke5 56. h6 Nc7 57. Rh1 Rh8 58. Rh5+ Kd6 1-0

[Event "13. Dubai open 2011"]
[Site "Dubai UAE"]
[Date "2011.04.18"]
[Round "9.27"]
[White "Koohestani, Sh"]
[Black "Roy, Chowdhury Saptarshi"]
[Result "1/2-1/2"]
[WhiteElo "2345"]
[BlackElo "2459"]
[PlyCount "26"]
[EventDate "2011.04.10"]
[EventType "swiss"]
[EventRounds "9"]
[EventCountry "UAE"]
[Source "lmi"]
[SourceDate "2011.04.09"]

1. d4 Nf6 2. c4 c5 3. d5 e5 4. Nc3 d6 5. e4 Nbd7 6. Bd3 Be7 7. Nge2 a6 8. Ng3
h5 9. Nf5 Bf8 10. Bg5 Qa5 11. Bd2 Qd8 12. Bg5 Qa5 13. Bd2 Qd8 1/2-1/2

[Event "13. Dubai open 2011"]
[Site "Dubai UAE"]
[Date "2011.04.18"]
[Round "9.28"]
[White "Shyam, Sundar M"]
[Black "Udeshi, Aditya"]
[Result "1/2-1/2"]
[WhiteElo "2457"]
[BlackElo "2362"]
[PlyCount "77"]
[EventDate "2011.04.10"]
[EventType "swiss"]
[EventRounds "9"]
[EventCountry "UAE"]
[Source "lmi"]
[SourceDate "2011.04.09"]

1. Nf3 Nf6 2. g3 b5 3. Bg2 Bb7 4. Na3 b4 5. Nc4 a5 6. O-O e6 7. Nce5 Qc8 8. d4
Be7 9. c4 O-O 10. Bg5 d6 11. Bxf6 Bxf6 12. Ng4 Nd7 13. Qc2 Be7 14. e4 c5 15. d5
exd5 16. exd5 f5 17. Ne3 g6 18. h4 Bf6 19. Rae1 Qd8 20. Nh2 Re8 21. Bh3 Nf8 22.
Re2 Bc8 23. Rfe1 Bd7 24. Nf3 Bg7 25. Ng5 Qf6 26. Bg2 Rab8 27. Ne6 Bh8 28. Bf3
Re7 29. Ng2 Rbe8 30. Ngf4 a4 31. Qd3 Bg7 32. Kg2 Bh6 33. Nxf8 Kxf8 34. Ne6+
Bxe6 35. dxe6 Rxe6 36. Rxe6 Rxe6 37. Rxe6 Qxe6 38. Bc6 Qe5 39. Qe2 1/2-1/2

[Event "13. Dubai open 2011"]
[Site "Dubai UAE"]
[Date "2011.04.18"]
[Round "9.29"]
[White "Mohannad, Farhan"]
[Black "Gutov, Andrey"]
[Result "0-1"]
[WhiteElo "2221"]
[BlackElo "2445"]
[PlyCount "106"]
[EventDate "2011.04.10"]
[EventType "swiss"]
[EventRounds "9"]
[EventCountry "UAE"]
[Source "lmi"]
[SourceDate "2011.04.09"]

1. d4 Nf6 2. c4 c5 3. d5 b5 4. cxb5 a6 5. bxa6 g6 6. Nc3 Bxa6 7. f4 d6 8. Nf3
Bg7 9. e4 Bxf1 10. Rxf1 Nfd7 11. Kf2 Qa5 12. Qe2 Qa6 13. Re1 O-O 14. e5 Nb6 15.
Qe4 N8d7 16. Kg1 c4 17. Be3 Rfc8 18. e6 f5 19. exd7 fxe4 20. dxc8=Q+ Rxc8 21.
Nd4 Qb7 22. Ne6 Nxd5 23. Nxd5 Qxd5 24. Nxg7 Kxg7 25. a4 Ra8 26. Bb6 Ra6 27. a5
Qf5 28. Rad1 d5 29. g3 Kf7 30. b4 cxb3 31. Re3 b2 32. Rb3 Qc8 33. Rxb2 Qc3 34.
Rbd2 e6 35. Bd4 Qxa5 36. Rb2 Ra7 37. Rdb1 Qa4 38. Rb4 Qa3 39. R4b3 Qa6 40. Rb8
Qa2 41. Bxa7 Qxa7+ 42. Kh1 Qa3 43. R8b3 Qc5 44. g4 g5 45. Rb7+ Kf6 46. fxg5+
Ke5 47. Rxh7 Qf2 48. h3 e3 49. g6 e2 50. g7 e1=Q+ 51. Rxe1+ Qxe1+ 52. Kg2 Qd2+
53. Kg1 Qc1+ 0-1

[Event "13. Dubai open 2011"]
[Site "Dubai UAE"]
[Date "2011.04.18"]
[Round "9.30"]
[White "Anwesh, Upadhyaya"]
[Black "Prathamesh, Sunil Mokal"]
[Result "1/2-1/2"]
[WhiteElo "2432"]
[BlackElo "2405"]
[PlyCount "113"]
[EventDate "2011.04.10"]
[EventType "swiss"]
[EventRounds "9"]
[EventCountry "UAE"]
[Source "lmi"]
[SourceDate "2011.04.09"]

1. d4 Nf6 2. c4 e6 3. g3 c5 4. d5 exd5 5. cxd5 d6 6. Nc3 g6 7. Bg2 Bg7 8. Nf3
O-O 9. O-O a6 10. a4 Nbd7 11. h3 Re8 12. Nd2 Rb8 13. Nc4 Nb6 14. Na3 Bd7 15. e4
Nc8 16. Qd3 Nb6 17. Qd1 Nc8 18. Qd3 Nb6 19. a5 Nc8 20. Nc4 Bb5 21. b3 b6 22.
Bd2 Nd7 23. f4 Bxc4 24. bxc4 bxa5 25. Ra3 Rb4 26. Na2 a4 27. Qc2 a5 28. Rxa4
Rb2 29. Qd3 Ncb6 30. Bxa5 Qf6 31. Bc3 Rb3 32. Ra6 Rxc3 33. Nxc3 Qxc3 34. Qxc3
Bxc3 35. Rc1 Bb2 36. Rc2 Bd4+ 37. Kf1 f5 38. e5 dxe5 39. fxe5 Rxe5 40. d6 Kf7
41. Bc6 Ke6 42. Rc1 Re3 43. Rb1 Rxg3 44. Rb5 Be5 45. Rbxb6 Nxb6 46. Rxb6 Bxd6
47. Bg2 Rc3 48. Bd5+ Ke5 49. Kg2 h6 50. Ra6 Rb3 51. Ra2 Kd4 52. Ra6 Rg3+ 53.
Kf2 Bf4 54. Bf7 g5 55. Rxh6 Ra3 56. Rf6 Rxh3 57. Rxf5 1/2-1/2

[Event "13. Dubai open 2011"]
[Site "Dubai UAE"]
[Date "2011.04.18"]
[Round "9.31"]
[White "Swapnil, S  Dhopade"]
[Black "Fenil, Shah"]
[Result "1-0"]
[WhiteElo "2411"]
[BlackElo "2282"]
[PlyCount "57"]
[EventDate "2011.04.10"]
[EventType "swiss"]
[EventRounds "9"]
[EventCountry "UAE"]
[Source "lmi"]
[SourceDate "2011.04.09"]

1. d4 Nf6 2. c4 c5 3. d5 b5 4. cxb5 a6 5. bxa6 g6 6. Nc3 Bxa6 7. g3 Bg7 8. Bg2
d6 9. Nf3 O-O 10. O-O Nbd7 11. Rb1 Qa5 12. Bd2 Rfb8 13. Qc2 Ng4 14. b3 Qa3 15.
h3 Nge5 16. Ne1 Nb6 17. Qd1 Ned7 18. Nc2 Qa5 19. Qe1 Bxc3 20. Bxc3 Qb5 21. Bf3
Ne5 22. Bxe5 dxe5 23. Qc3 f6 24. a4 Qd7 25. Qxc5 Nxa4 26. bxa4 Rc8 27. Qb6 Rxc2
28. d6 Ra7 29. Qb3+ 1-0